| 000 | 00514nam a2200169 a 4500 | ||
|---|---|---|---|
| 001 | 000048755 | ||
| 005 | 20201002061401.0 | ||
| 008 | 190411s2017 dr r 000 f spa d | ||
| 020 | _a9789945089028 | ||
| 040 |
_aDO-SdBNP _bspa _cBNPHU |
||
| 082 |
_axxxxx _bS113c |
||
| 100 | 1 |
_aSabaris, Arlene _976214 |
|
| 245 | 1 | 0 |
_aCapricho de un fantasma : _bcuando callan las almas / _cArlene Sabaris. |
| 260 |
_aSanto Domingo : _bTalleres Gráficos 16, _c2017. |
||
| 300 |
_a182 p. ; _c24 cm. |
||
| 590 | _aInventariado, 2019/LP | ||
| 999 |
_c48243 _d48243 |
||